000 00586nam a2200193Ia 4500
008 260428s9999 xx 000 0 und d
020 _a9789561426290
082 _a378.83 L579d 2020
100 _aLeón Reyes, José Julio
_935827
245 0 _aDerecho y política de la educación superior chilena: evolución, crisis y reforma
260 _aEdiciones Universidad Católica de Chile
260 _bSantiago, Chile
260 _c2020
300 _a369p.
650 _aChile
_9121
650 _aEducación Superior
_9292
650 _aPolítica Educativa
_911605
942 _clibro
999 _c20499
_d20499